000 00919cam a2200217 4500
001 WB3742-18
008 011107n2001 000 0 eng u
035 _a(Sirsi) u115522
245 _aAgents launch non-profit site
260 _c2001
490 _aNegotiator
_v16(22) 2 November 2001, 5(1)
520 _aA group of estate agencies has got together and designed a non-profit making website. Pureproperty.com simply lists properties for sale or rent from participating agents. It does not carry third party advertising or financial services. Designed to offer an alternative to the property portals, the site is not being run for profit and is open to any UK estate agent to join.
590 _aWB
650 _aPUREPROPERTY.COM
650 _aPROPERTY SALES
650 _aWEBSITE
650 _aESTATE AGENCIES
650 _aPROPERTY LISTINGS
690 _aINFORMATION TECHNOLOGY-INTERNET
942 _n0
999 _c68807
_d68807